| 000 | 01474nam a2200349 a 4500 | ||
|---|---|---|---|
| 001 | ebr10194448 | ||
| 003 | CaPaEBR | ||
| 006 | m u | ||
| 007 | cr cn||||||||| | ||
| 008 | 000412s2001 mnu sbi s001 0 eng | ||
| 020 | _z0816634874 (alk. paper) | ||
| 020 | _z0816634882 (pbk. : alk. paper) | ||
| 040 |
_aCaPaEBR _cCaPaEBR |
||
| 035 | _a(OCoLC)567823092 | ||
| 043 | _acl----- | ||
| 050 | 1 | 4 |
_aPQ7082.F35 _bG63 2001eb |
| 082 | 0 | 4 |
_a863.009/353 _221 |
| 100 | 1 |
_aGoodman, Robin Truth, _d1966- |
|
| 245 | 1 | 0 |
_aInfertilities _h[electronic resource] : _bexploring fictions of barren bodies / _cRobin Truth Goodman. |
| 260 |
_aMinneapolis : _bUniversity of Minnesota Press, _cc2001. |
||
| 300 | _axxiv, 234 p. | ||
| 490 | 1 |
_aCultural studies of the Americas ; _vv. 4 |
|
| 504 | _aIncludes bibliographical references (p. 211-227) and index. | ||
| 533 |
_aElectronic reproduction. _bPalo Alto, Calif. : _cebrary, _d2013. _nAvailable via World Wide Web. _nAccess may be limited to ebrary affiliated libraries. |
||
| 600 | 1 | 0 |
_aConrad, Joseph, _d1857-1924 _xCriticism and interpretation. |
| 650 | 0 |
_aSpanish American fiction _xHistory and criticism. |
|
| 650 | 0 | _aInfertility, Female, in literature. | |
| 655 | 7 |
_aElectronic books. _2local |
|
| 710 | 2 | _aebrary, Inc. | |
| 830 | 0 |
_aCultural studies of the Americas ; _vv. 4. |
|
| 856 | 4 | 0 |
_uhttp://site.ebrary.com/lib/rucke/Doc?id=10194448 _zAn electronic book accessible through the World Wide Web; click to view |
| 999 |
_c114005 _d114005 |
||